LEADER 01542nam a2200337 u 4500 001 000000113661 003 CaOOAMICUS 005 20081024144137.0 008 081024s1999 it acf u000 u ita r 020 $a88-7016-300-8 040 $aPUL$bita$dLDB 100 1 $aLuther, Martin,$d1483-1546.$0(OLS)http://pul/name/1508 245 10$aContro i profeti celesti :$bsulle immagini e sul sacramento (1525) /$cMartin Lutero ; a cura di Alberto Gallas. 260 $aTorino :$bClaudiana,$cc1999. 300 $a384 p., [4] p. di tav. :$bill., ritr. ;$c21 cm. 490 1 $aOpere scelte ;$v08 504 $aBibliografia : p. 343-348. 700 1 $aGallas, Alberto.$0(OLS)http://pul/name/10787 800 1 $aLuther, Martin,$d1483-1546.$tOpere ;$v08.$0(OLS)http://pul/nameTitle/573$0(OLS)http://pul/name/1508$0(OLS)http://pul/title/5258 850 $aPUL 852 $aPUL$W1$xSL Religione 3$y85$m284. 1 LUTMA 1.8$j129858$qDDC 21$B128923$CPULBib$Z2$F128923 $H108612 $82 900 $aLuter, Martin,$d1483-1546$91508 900 $aMartin Lutero,$d1483-1546$91508 900 $aLutero, Martino,$d1483-1546$91508 900 $aLuter, Martin,$d1483-1546$91508 900 $aMartin Lutero,$d1483-1546$91508 900 $aLutero, Martino,$d1483-1546$91508 941 1 $a9 996 $6020$a88-7016-300-8$9(OLS)http://pul/number/138986 996 $6245$aContro i profeti celesti :$bsulle immagini e sul sacramento (1525)$9(OLS)http://pul/title/142825 996 $6260$aTorino :$bClaudiana$9(OLS)http://pul/publisher/48072 LEADER 01237nam a2200265 u 4500 001 000000113956 003 CaOOAMICUS 005 20081119153435.0 008 081119s1956 it u000 u ita r 040 $aPUL$bita$dLDB 041 1 $aita$hger 100 1 $aOtt, Ludwig,$dn. 1906.$0(OLS)http://pul/name/13785 240 10$aGrundriss der dogmatik.$lItaliano.$0(OLS)http://pul/title/143205 245 10$aCompendio di teologia dogmatica /$cLudovico Ott. 260 $aTorino :$bMarietti,$cstampa 1956. 300 $a854 p. ;$c16 cm. 500 $aSul verso del front. : L'edizione italiana di questa opera è stata curata dal teol. dott. Natale Bussi del Seminario Maggiore di Alba su traduzione del teol. G. Giuliano. 504 $aBibliografia in nota. 650 4$aTeologia dogmatica$vCompendi, manuali, ecc.$0(OLS)http://pul/subject/9434 700 1 $aBussi, Natale,$csac.,$d1907-1988.$0(OLS)http://pul/name/40494 850 $aPUL 852 $aPUL$W1$xSL Religione 3$y85$m230 OTTLU 1$j130216$qDDC 21$B129293$CPULBib$Z2$F129293 $H108822 $82 941 1 $a9 996 $6245$aCompendio di teologia dogmatica$9(OLS)http://pul/title/143206 996 $6260$aTorino :$bMarietti$9(OLS)http://pul/publisher/48186